<?xml version="1.0" encoding="UTF-8"?><?xml-stylesheet type="text/xsl" href="static/style.xsl"?><OAI-PMH xmlns="http://www.openarchives.org/OAI/2.0/" xmlns:xsi="http://www.w3.org/2001/XMLSchema-instance" xsi:schemaLocation="http://www.openarchives.org/OAI/2.0/ http://www.openarchives.org/OAI/2.0/OAI-PMH.xsd"><responseDate>2026-06-01T06:29:06Z</responseDate><request verb="GetRecord" identifier="oai:riuma.uma.es:10630/11107" metadataPrefix="marc">https://riuma.uma.es/rest/oai/request</request><GetRecord><record><header><identifier>oai:riuma.uma.es:10630/11107</identifier><datestamp>2026-02-03T12:55:39Z</datestamp><setSpec>com_10630_4717</setSpec><setSpec>com_10630_3139</setSpec><setSpec>com_10630_10</setSpec><setSpec>col_10630_10855</setSpec></header><metadata><record xmlns="http://www.loc.gov/MARC21/slim" xmlns:dcterms="http://purl.org/dc/terms/" xmlns:doc="http://www.lyncode.com/xoai" xmlns:xsi="http://www.w3.org/2001/XMLSchema-instance" xsi:schemaLocation="http://www.loc.gov/MARC21/slim http://www.loc.gov/standards/marcxml/schema/MARC21slim.xsd">
   <leader>00925njm 22002777a 4500</leader>
   <datafield ind2=" " ind1=" " tag="042">
      <subfield code="a">dc</subfield>
   </datafield>
   <datafield ind2=" " ind1=" " tag="720">
      <subfield code="a">Miguel Segarra, Susana</subfield>
      <subfield code="e">author</subfield>
   </datafield>
   <datafield ind2=" " ind1=" " tag="720">
      <subfield code="a">Martín Llaguno, Marta</subfield>
      <subfield code="e">author</subfield>
   </datafield>
   <datafield ind2=" " ind1=" " tag="260">
      <subfield code="c">2015</subfield>
   </datafield>
   <datafield ind2=" " ind1=" " tag="520">
      <subfield code="a">Durante las últimas décadas en España las necesidades de comunicación organizacional han crecido a un ritmo vertiginoso. Paralelamente, ha proliferado el debate sobre la consideración del ejercicio profesional de este tipo de comunicación, especialmente a partir del nacimiento de las titulaciones universitarias. Así, los términos relaciones públicas, Dircom o director de comunicación parece que se utilizan simultáneamente no sin despertar todavía cierta controversia. Este artículo realiza una revisión sistemática de la literatura científica española sobre estos perfiles profesionales desde los años setenta, con el fin de describir los usos que en ella se da de los términos antes citados. Los resultados apuntan que a partir de la década de los 90, em España, el término director de comunicación se implanta en el ámbito profesional desplazando el uso del de relaciones públicas, mientras que el ámbito académico sigue prefiriendo utilizar este segundo término.</subfield>
   </datafield>
   <datafield ind1="8" ind2=" " tag="024">
      <subfield code="a">2174-3681</subfield>
   </datafield>
   <datafield ind1="8" ind2=" " tag="024">
      <subfield code="a">http://hdl.handle.net/10630/11107</subfield>
   </datafield>
   <datafield tag="653" ind2=" " ind1=" ">
      <subfield code="a">Relaciones Públicas</subfield>
   </datafield>
   <datafield ind2="0" ind1="0" tag="245">
      <subfield code="a">La producción bibliográfica sobre el etiquetamiento y conceptualización de los profesionales de la comunicación organizacional en España</subfield>
   </datafield>
</record>
</metadata></record></GetRecord></OAI-PMH>